Castilla

সংরক্ষণ করুন:
গ্রন্থ-পঞ্জীর বিবরন
প্রধান লেখক: Azorín, Antonio
বিন্যাস: গ্রন্থ
ভাষা:Undetermined
প্রকাশিত: Buenos Aires, Argentina Losada 1969
সংস্করন:7
বিষয়গুলি:
ট্যাগগুলো: ট্যাগ যুক্ত করুন
কোনো ট্যাগ নেই, প্রথমজন হিসাবে ট্যাগ করুন!

MARC

LEADER 00000nam a2200000Ia 4500
008 170316s9999 xx 000 0 und d
040 |a cru BVZT 
090 |a 862 A-52c 
100 |a Azorín, Antonio 
245 |a Castilla 
250 |a 7 
260 |a Buenos Aires, Argentina 
260 |b Losada 
260 |c 1969 
300 |a 146 páginas 
650 |a LITERATURA ESPAÑOLA 
999 |c 9465  |d 9465 
942 |c 15 D  |h 862 A-52c  |2 z